Our master's voice : advertising /

Bibliographic Details
Main Author: Rorty, James, 1890-1973
Format: Book
Language:English
Published: New York : Arno Press, 1976
Series:Getting and spending.
Subjects:

MARC

Tag First Indicator Second Indicator Subfields
LEADER 00000cam a22000008i 4500
001 in00000347113
005 20151011052446.0
008 760302r19761934nyu 00010 eng
010 |a  75039272  
020 |a 0405080441 
035 |a (OCoLC)02073997 
035 |9 ABL3637AM 
040 |a DLC  |c DLC  |d TXA  |d UtOrBLW 
049 |a TXAM  |c [1553830] 
050 0 0 |a HF5821  |b .R6 1976 
082 0 |a 659.1 
100 1 |a Rorty, James,  |d 1890-1973. 
245 1 0 |a Our master's voice :  |b advertising /  |c James Rorty. 
264 1 |a New York :  |b Arno Press,  |c 1976 
264 4 |c ©1934 
300 |a 394 pages ;  |c 23 cm. 
336 |a text  |b txt  |2 rdacontent 
337 |a unmediated  |b n  |2 rdamedia 
338 |a volume  |b nc  |2 rdacarrier 
490 1 |a Getting and spending 
500 |a Reprint of the edition published by the John Day Co., New York. 
650 0 |a Advertising. 
830 0 |a Getting and spending. 
999 |a MARS 
999 f f |s 06105ac6-a660-3789-815f-e513e24e161c  |i ece2328b-3e62-3e71-ac8a-6fef8242759c  |t 0 
952 f f |p ric  |a Texas A&M University  |b Rellis Campus  |c Joint Library Facility  |d Remote Storage  |t 0  |e HF5821 .R6 1976  |h Library of Congress classification  |i unmediated -- volume  |m A14802851161 
998 f f |a HF5821 .R6 1976  |t 0  |l Remote Storage